Word Ladder: Classic Toy Quiz Stats

Quiz Updated Dec 15, 2017

Also try: Word Ladder: Toys
Challenge
Share
Tweet
Embed
Score 0/15 Timer 02:00
2 Plays Today
Hint 4-Letter Word % Correct
Compass directionEAST
97.7%
Earth, soilDIRT
92.4%
___ StraitsDIRE
92%
ObservedSEEN
91.5%
New Orleans is 'The Big ___'EASY
90.3%
Shake and ___BAKE
90.1%
Kiln, tandoor or microwave, e.g.OVEN
89.5%
Reindeer in 'Frozen'SVEN
87.1%
Hint 4-Letter Word % Correct
Paula the cook who loves butterDEEN
86.6%
Atkins or South Beach, e.g.DIET
86.6%
Ingredient in many bug spraysDEET
84%
Acid's oppositeBASE
83.7%
Egyptian cat goddessBAST
80.5%
Dutch embankmentDIKE
79.6%
It's two-tiredBIKE
78.7%

Today's Daily Dose

You're not logged in!

Compare scores with friends on all Sporcle quizzes.
Sign Up with Email
OR
Log In

You Might Also Like...

Show Comments

Extras

Top Quizzes Today


Score Distribution

Your Account Isn't Verified!

In order to create a playlist on Sporcle, you need to verify the email address you used during registration. Go to your Sporcle Settings to finish the process.

Report this User

Report this user for behavior that violates our Community Guidelines.

Details: